Code civil du Royaume de Sardaigne (Record no. 183319)

MARC details
000 -LEADER
campo de control de longitud fija 00893nam a2200229 i 4500
001 - NÚMERO DE CONTROL
campo de control 183319
003 - IDENTIFICADOR DE NÚMERO DE CONTROL
campo de control ES-MaACL
005 - FECHA Y HORA DE LA ÚLTIMA TRANSACCIÓN
campo de control 20230906221849.0
008 - DATOS DE LONGITUD FIJA--INFORMACIÓN GENERAL
campo de control de longitud fija 140319s1844 fr |||| | fre d
080 ## - NÚMERO DE LA CLASIFICACIÓN DECIMAL UNIVERSAL
Número de la Clasificación Decimal Universal 347(450.88)"1837"(094.4)
110 1# - ENTRADA PRINCIPAL--NOMBRE DE ENTIDAD CORPORATIVA
Nombre de entidad corporativa o nombre de jurisdicción como elemento de entrada Cerdeña (Reino)
9 (RLIN) 154584
240 10 - TÍTULO UNIFORME
Título uniforme Codice civile, 1837.
Lenguaje de la obra Francés
245 10 - MENCIÓN DEL TÍTULO
Título Code civil du Royaume de Sardaigne
Resto del título : précédé d'un travail comparatif avec la législation française /
Mención de responsabilidad, etc. par M. Le comte Portalis.
260 ## - PUBLICACIÓN, DISTRIBUCIÓN, ETC.
Lugar de publicación, distribución, etc. Paris :
Nombre del editor, distribuidor, etc. Joubert,
Fecha de publicación, distribución, etc. 1844.
300 ## - DESCRIPCIÓN FÍSICA
Extensión CXCVIII, 644 p. ;
Dimensiones 22 cm.
490 1# - MENCIÓN DE SERIE
Mención de serie Collection des lois civiles et criminelles des états modernes ;
Designación de volumen o secuencia 9
650 #4 - PUNTO DE ACCESO ADICIONAL DE MATERIA--TÉRMINO DE MATERIA
Término de materia o nombre geográfico como elemento de entrada Derecho civil-
Subdivisión geográfica Cerdeña.
9 (RLIN) 171514
700 1# - ENTRADA AGREGADA--NOMBRE PERSONAL
Nombre de persona Portalis, Frédéric (
Fechas asociadas al nombre 1803-1846)
9 (RLIN) 154586
830 1# - PUNTO DE ACCESO ADICIONAL DE SERIE-TÍTULO UNIFORME
Título uniforme Collection des lois civiles et criminelles des états modernes ;
Designación de volumen o secuencia 9
9 (RLIN) 191907
852 ## - LOCALIZACIÓN
Ubicación ES-MaACL
Número de control de estantería G-3638
Holdings
Estatus retirado Estado de pérdida Estado de daño No para préstamo Colección Biblioteca de origen Biblioteca actual Ubicación en estantería Fecha de adquisición Fuente de adquisición Total de préstamos Signatura topográfica completa Código de barras Visto por última vez Precio de reemplazo Tipo de ítem Koha
        Libros del s. XIX Biblioteca del Ateneo de Madrid Biblioteca del Ateneo de Madrid Depósito 2 19/03/2014     G-3638 1192685 23/02/2023 23/02/2023 Libro impreso antiguo